Представление документа в формате MARC21

Поле Инд. ПП Название Значение
Тип записи a
Библиографический уровень m
001 Контрольный номер RU/IS/BASE/225971435
005 Дата корректировки 20160530103344.4
020 00 a ISBN 5-86185-136-0
c Цена, тираж 30-00
084 a Индекс другой классификации/Индекс ББК 26.31
090 x Авторский знак В 40
a Полочн. индекс 26.3
245 00 a Заглавие Вещественные гомологи метаморфитов низов архейского разреза Кольской СГ-3 (IX толща в интервале глубин 11 411-11 708 метров) в обнажениях затуломской структуры Кольско-норвежского домена
b Продолж. заглавия учеб. пособие
c Ответственность Н. Е. Козлов, А. А. Аведисян, А. А. Иванов [и др.] ; МГТУ, Апатит. фил., Кольский науч. центр РАН, Геол. ин-т, Проект № 408 МПГК ЮНЕСКО
260 00 a Место издания Мурманск
b Издательство МГТУ
c Дата издания 2001
300 00 a Объем 65 с.
583 x Служебное примечание Арктические исследования
x Служебное примечание Краеведческий каталог
650 _4 a Основная рубрика Геология-Учебные издания для высших учебных заведений
653 00 a Ключевые слова Геология
a Ключевые слова Геохимия
a Ключевые слова Гомологи метаморфитов
a Ключевые слова Исследования арктические
a Ключевые слова Кольско-норвежский домен
a Ключевые слова Полезные ископаемые
a Ключевые слова Порода
a Ключевые слова Скважина Кольская сверхглубокая
a Ключевые слова Скважины сверхглубокие
952 c Вид литературы учебное пособие
990 00 f Даты поступлений (DOS) 09.01